[Event "Bled Planinc Memorial 1st"]
[Site "Bled"]
[Date "2018.11.24"]
[Round "6"]
[White "Wahlbom, Magnus"]
[Black "Stepovoj, Vladimir"]
[Result "1/2-1/2"]
[WhiteElo "2173"]
[BlackElo "2261"]
[PlyCount "42"]
[EventDate "2018.11.24"]
[EventType "swiss (blitz)"]
[EventRounds "9"]
[EventCountry "SLO"]
[SourceTitle "CBM 187 Extra"]
[Source "ChessBase"]
[SourceDate "2018.11.04"]
[SourceVersion "1"]
[SourceVersionDate "2018.11.04"]
[SourceQuality "1"]

1. e4 e6 2. d4 d5 3. Nc3 dxe4 4. Nxe4 Nd7 5. Nf3 Ngf6 6. Nxf6+ Nxf6 7. Bd3 c5 8. 0-0 cxd4 9. Nxd4 Bc5 10. Nf3 h6 11. Bf4 0-0 12. Qe2 b6 13. Rad1 Qe7 14. c3 Rd8 15. Ne5 Bb7 16. h3 a5 17. Bb5 Rxd1 18. Rxd1 Rd8 19. a4 Rxd1+ 20. Qxd1 Nd5 21. Bg3 f6 1/2-1/2

[Event "Wch Seniors 65 28th"]
[Site "Bled"]
[Date "2018.11.21"]
[Round "4"]
[White "Ilic, Slobodan S2222"]
[Black "Stepovoj, Vladimir"]
[Result "1/2-1/2"]
[WhiteElo "2026"]
[BlackElo "2261"]
[PlyCount "24"]
[EventDate "2018.11.18"]
[EventType "swiss"]
[EventRounds "11"]
[EventCountry "SLO"]
[SourceTitle "CBM 187 Extra"]
[Source "ChessBase"]
[SourceDate "2018.11.04"]
[SourceVersion "1"]
[SourceVersionDate "2018.11.04"]
[SourceQuality "1"]

1. e4 e6 2. d3 d5 3. Nd2 Nf6 4. Ngf3 c5 5. g3 Nc6 6. Bg2 dxe4 7. dxe4 e5 8. h3 Be7 9. 0-0 0-0 10. Re1 Qc7 11. c3 Rd8 12. Qa4 Rb8 1/2-1/2

[Event "Wch Seniors 65 28th"]
[Site "Bled"]
[Date "2018.11.18"]
[Round "1"]
[White "Stepovoj, Vladimir"]
[Black "Muratoglu, Salih"]
[Result "1/2-1/2"]
[WhiteElo "2261"]
[BlackElo "1942"]
[PlyCount "113"]
[EventDate "2018.11.18"]
[EventType "swiss"]
[EventRounds "11"]
[EventCountry "SLO"]
[SourceTitle "CBM 187 Extra"]
[Source "ChessBase"]
[SourceDate "2018.11.04"]
[SourceVersion "1"]
[SourceVersionDate "2018.11.04"]
[SourceQuality "1"]

1. e4 d6 2. Nc3 g6 3. h4 Nf6 4. Be2 h5 5. Nf3 Bg4 6. Ng5 Bxe2 7. Qxe2 Nc6 8. Qc4 e6 9. 0-0 Bg7 10. d4 Qe7 11. d5 exd5 12. Nxd5 Nxd5 13. exd5 Ne5 14. Qb5+ Qd7 15. Qxd7+ Nxd7 16. Re1+ Kf8 17. Re4 Bf6 18. Be3 Kg7 19. Rd1 Rhe8 20. Bd4 Rxe4 21. Nxe4 Bxd4 22. Rxd4 Re8 23. Kf1 Re7 24. f3 Nb6 25. c4 Nd7 26. Kf2 a6 27. b4 f5 28. Ng5 Kf6 29. Ne6 Ne5 30. Nf4 b5 31. cxb5 axb5 32. Rd2 Re8 33. Rc2 Ra8 34. Kg3 Nc4 35. Re2 Ne5 36. Rc2 Nc4 37. Ne6 Ne3 38. Rc6 Rxa2 39. Nxc7 Rxg2+ 40. Kf4 Re2 41. Rxd6+ Kg7 42. Nxb5 Kh6 43. Nd4 Ng2+ 44. Kg3 f4+ 45. Kh3 Rd2 46. Ne6 Nxh4 47. Nxf4 Rd4 48. Rf6 Nxf3 49. Rxg6+ Kh7 50. Kg3 Ne5 51. Re6 h4+ 52. Kxh4 Nd3 53. Kg5 Nxf4 54. Rh6+ Kg7 55. Rh4 Rxd5+ 56. Kxf4 Rd4+ 57. Kg3 1/2-1/2

[Event "Wch Seniors 50 24th"]
[Site "Katerini"]
[Date "2014.11.03"]
[Round "10"]
[White "Barle, Janez"]
[Black "Stepovoj, Vladimir"]
[Result "1/2-1/2"]
[WhiteElo "2338"]
[BlackElo "2323"]
[PlyCount "49"]
[EventDate "2014.10.24"]
[EventType "swiss"]
[EventRounds "11"]
[EventCountry "GRE"]
[SourceTitle "EXT 2015"]
[Source "ChessBase"]
[SourceDate "2014.11.20"]
[SourceVersion "1"]
[SourceVersionDate "2014.11.20"]
[SourceQuality "1"]

1. e4 e6 2. Nf3 d5 3. Nc3 Nf6 4. e5 Nfd7 5. d4 c5 6. dxc5 Bxc5 7. Bd3 Nc6 8. Bf4 a6 9. Qe2 Nf8 10. h4 Ng6 11. Bg3 Nge7 12. h5 h6 13. 0-0-0 Qa5 14. Nd2 Nb4 15. a3 Nxd3+ 16. Qxd3 Qc7 17. Nb3 Ba7 18. Nd4 Bd7 19. Nce2 Nc6 20. f4 0-0-0 21. Nxc6 Qxc6 22. Nd4 Qc4 23. Qe3 Ba4 24. Qc3 Qxc3 25. bxc3 1/2-1/2

[Event "Wch Seniors 50 24th"]
[Site "Katerini"]
[Date "2014.11.02"]
[Round "9"]
[White "Stepovoj, Vladimir"]
[Black "Alexakis, Dimitrios"]
[Result "1-0"]
[WhiteElo "2323"]
[BlackElo "2224"]
[PlyCount "81"]
[EventDate "2014.10.24"]
[EventType "swiss"]
[EventRounds "11"]
[EventCountry "GRE"]
[SourceTitle "EXT 2015"]
[Source "ChessBase"]
[SourceDate "2014.11.20"]
[SourceVersion "1"]
[SourceVersionDate "2014.11.20"]
[SourceQuality "1"]

1. e4 c5 2. c3 e6 3. d4 cxd4 4. cxd4 d5 5. e5 Nc6 6. Nf3 Qb6 7. a3 Bd7 8. Nc3 f6 9. Bd3 a6 10. 0-0 fxe5 11. Nxe5 Nxe5 12. dxe5 g6 13. Be3 Bc5 14. Na4 Bxa4 15. Qxa4+ Kf7 16. Bxc5 Qxc5 17. Rac1 Qb6 18. Rc3 Ne7 19. Qf4+ Ke8 20. Bc2 Rf8 21. Ba4+ Nc6 22. Qh4 Rf7 23. b4 Kf8 24. Bxc6 bxc6 25. Rfc1 Rc8 26. Rc5 Kg7 27. R1c2 Qc7 28. Qd4 Qd7 29. g3 Rf5 30. Qd3 Qb7 31. Qc3 Qb8 32. Re2 Qb6 33. Kg2 Qb7 34. h4 h5 35. Rc2 Rcf8 36. f4 g5 37. hxg5 h4 38. Rxc6 d4 39. Qf3 h3+ 40. Kh2 R5f7 41. Qh5 1-0

[Event "Wch Seniors 23rd"]
[Site "Opatija"]
[Date "2013.11.23"]
[Round "11"]
[White "McLaren, Brian"]
[Black "Stepovoj, Vladimir"]
[Result "1/2-1/2"]
[WhiteElo "2158"]
[BlackElo "2345"]
[PlyCount "48"]
[EventDate "2013.11.12"]
[EventType "swiss"]
[EventRounds "11"]
[EventCountry "CRO"]
[SourceTitle "CBM 157 Extra"]
[Source "ChessBase"]
[SourceDate "2013.12.19"]
[SourceVersion "1"]
[SourceVersionDate "2013.12.19"]
[SourceQuality "1"]

1. g3 d5 2. Bg2 c6 3. d3 Bf5 4. Nd2 e6 5. e4 dxe4 6. dxe4 Bg6 7. Ngf3 Nf6 8. Ne5 Nbd7 9. Nxg6 hxg6 10. 0-0 Bc5 11. Qe2 Qc7 12. Nc4 e5 13. Bd2 b5 14. Ne3 0-0 15. a4 a6 16. b4 Bxe3 17. Bxe3 Nb6 18. Bc5 Rfe8 19. axb5 axb5 20. f3 Nc4 21. Rfd1 Nd7 22. Bf2 Ndb6 23. Qe1 Red8 24. Bf1 Qb7 1/2-1/2

[Event "Wch Seniors 23rd"]
[Site "Opatija"]
[Date "2013.11.21"]
[Round "9"]
[White "Haubt, Georg"]
[Black "Stepovoj, Vladimir"]
[Result "1/2-1/2"]
[WhiteElo "2206"]
[BlackElo "2345"]
[PlyCount "36"]
[EventDate "2013.11.12"]
[EventType "swiss"]
[EventRounds "11"]
[EventCountry "CRO"]
[SourceTitle "CBM 157 Extra"]
[Source "ChessBase"]
[SourceDate "2013.12.19"]
[SourceVersion "1"]
[SourceVersionDate "2013.12.19"]
[SourceQuality "1"]

1. e4 c5 2. Nf3 Nc6 3. Bb5 Nf6 4. Bxc6 dxc6 5. d3 g6 6. h3 Bg7 7. Nc3 0-0 8. Be3 b6 9. Qd2 Re8 10. Bh6 e5 11. 0-0-0 Nd7 12. Bxg7 Kxg7 13. g4 Nf8 14. Ne2 Qf6 15. Qe3 h6 16. Rdg1 Ne6 17. g5 hxg5 18. Nxg5 Nd4 1/2-1/2

[Event "Wch Seniors 23rd"]
[Site "Opatija"]
[Date "2013.11.20"]
[Round "8"]
[White "Stepovoj, Vladimir"]
[Black "Norman, Kenneth I"]
[Result "1-0"]
[WhiteElo "2345"]
[BlackElo "2173"]
[PlyCount "103"]
[EventDate "2013.11.12"]
[EventType "swiss"]
[EventRounds "11"]
[EventCountry "CRO"]
[SourceTitle "CBM 157 Extra"]
[Source "ChessBase"]
[SourceDate "2013.12.19"]
[SourceVersion "1"]
[SourceVersionDate "2013.12.19"]
[SourceQuality "1"]

1. d4 Nf6 2. c4 g6 3. g3 Bg7 4. Bg2 d5 5. cxd5 Nxd5 6. Nf3 Nb6 7. 0-0 Nc6 8. e3 0-0 9. Nc3 Re8 10. d5 Na5 11. Nd4 Bd7 12. Qc2 c5 13. Nde2 c4 14. e4 Nc8 15. b4 cxb3 16. axb3 Nd6 17. Qa2 b6 18. Bf4 Rc8 19. Rac1 Nab7 20. Rfd1 Nb5 21. Nxb5 Bxb5 22. Rxc8 Qxc8 23. Rc1 Nc5 24. b4 Qa6 25. Qxa6 Nxa6 26. Nc3 Bxc3 27. Rxc3 Nxb4 28. Rc7 Nd3 29. Be3 Nc5 30. Rxa7 Bd3 31. e5 Bb5 32. f4 Kf8 33. Rc7 Na4 34. Bc1 Nc5 35. Ba3 Nd7 36. d6 e6 37. Kf2 Rb8 38. Ke3 Ke8 39. g4 Kd8 40. Bb7 h6 41. h4 Ba4 42. g5 h5 43. Kd4 Bb5 44. Kc3 Rxb7 45. Rxb7 Bc6 46. Rc7 Bd5 47. Kb4 Be4 48. Bb2 Bf3 49. Bd4 Be4 50. Rc3 Bg2 51. Rg3 Bc6 52. Bxb6+ 1-0

[Event "Wch Seniors 22nd"]
[Site "Kamena Vourla"]
[Date "2012.11.21"]
[Round "8"]
[White "Nukin, Tolegen"]
[Black "Stepovoj, Vladimir"]
[Result "0-1"]
[WhiteElo "2203"]
[BlackElo "2346"]
[PlyCount "104"]
[EventDate "2012.11.13"]
[EventType "swiss"]
[EventRounds "11"]
[EventCountry "GRE"]
[SourceTitle "CBM 151 Extra"]
[Source "ChessBase"]
[SourceDate "2012.12.18"]
[SourceVersion "1"]
[SourceVersionDate "2012.12.18"]
[SourceQuality "1"]

1. e4 d6 2. d4 Nf6 3. Nc3 Nbd7 4. g3 e5 5. Nge2 g6 6. Bg2 Bg7 7. 0-0 0-0 8. h3 Re8 9. Re1 b6 10. d5 a5 11. a4 Nc5 12. Be3 Re7 13. g4 Qf8 14. Ng3 Bd7 15. Bf1 Ne8 16. Bb5 Bc8 17. Bc6 Rb8 18. Qf3 Bh6 19. Kh2 Bxe3 20. Rxe3 f6 21. Rg1 Ng7 22. b3 Rf7 23. Qg2 Kh8 24. Re2 f5 25. f3 Qe7 26. gxf5 gxf5 27. Nh5 Ba6 28. Nxg7 Rxg7 29. Qxg7+ Qxg7 30. Rxg7 Kxg7 31. Rg2+ Kh6 32. exf5 Rf8 33. Nb5 Bxb5 34. Bxb5 Rxf5 35. Be2 Rg5 36. Rg4 Rxg4 37. hxg4 Kg5 38. Kg3 Nd7 39. Bd3 Nf6 40. Bc4 h5 41. gxh5 Nxh5+ 42. Kf2 Kf4 43. Bb5 Nf6 44. c4 e4 45. fxe4 Nxe4+ 46. Ke2 Nc5 47. Kd2 Nxb3+ 48. Kc3 Nc5 49. Kd4 Kf3 50. Be8 Ke2 51. Kc3 Ke3 52. Bc6 Ne4+ 0-1

[Event "Wch Seniors 22nd"]
[Site "Kamena Vourla"]
[Date "2012.11.17"]
[Round "5"]
[White "Stepovoj, Vladimir"]
[Black "Timoscenko, Gennadij A"]
[Result "1/2-1/2"]
[WhiteElo "2346"]
[BlackElo "2490"]
[PlyCount "81"]
[EventDate "2012.11.13"]
[EventType "swiss"]
[EventRounds "11"]
[EventCountry "GRE"]
[SourceTitle "CBM 151 Extra"]
[Source "ChessBase"]
[SourceDate "2012.12.18"]
[SourceVersion "1"]
[SourceVersionDate "2012.12.18"]
[SourceQuality "1"]

1. e4 e5 2. Nf3 Nc6 3. d4 exd4 4. Nxd4 Bc5 5. Nxc6 Qf6 6. Qf3 bxc6 7. Nd2 d6 8. Nb3 Bb6 9. Bd2 Qxf3 10. gxf3 Ne7 11. Rg1 0-0 12. Bc3 f6 13. h4 Rf7 14. Bd3 f5 15. Nd4 Ng6 16. Bc4 d5 17. exd5 Ne5 18. Be2 cxd5 19. f4 Ng6 20. Bf3 Bb7 21. 0-0-0 Nxf4 22. Rg5 Bxd4 23. Bxd4 Ne6 24. Rgg1 c5 25. Be5 d4 26. Be2 Rd8 27. f4 Be4 28. Rg3 Rfd7 29. Bc4 Bd5 30. Bd3 Rf7 31. b3 Rc8 32. Ba6 Rd8 33. Be2 Nf8 34. c3 Ne6 35. Kb2 a5 36. Bf1 Be4 37. Bc4 Bd5 38. Bf1 Rb7 39. Ba6 Ra7 40. Bd3 Rf7 41. Bf1 1/2-1/2

[Event "Wch Seniors 22nd"]
[Site "Kamena Vourla"]
[Date "2012.11.15"]
[Round "3"]
[White "Stepovoj, Vladimir"]
[Black "Vaisser, Anatoli"]
[Result "1/2-1/2"]
[WhiteElo "2346"]
[BlackElo "2540"]
[PlyCount "38"]
[EventDate "2012.11.13"]
[EventType "swiss"]
[EventRounds "11"]
[EventCountry "GRE"]
[SourceTitle "CBM 151 Extra"]
[Source "ChessBase"]
[SourceDate "2012.12.18"]
[SourceVersion "1"]
[SourceVersionDate "2012.12.18"]
[SourceQuality "1"]

1. e4 e6 2. d4 d5 3. e5 c5 4. c3 Qb6 5. a3 Nc6 6. Nf3 c4 7. Nbd2 Na5 8. g3 Bd7 9. Bh3 Ne7 10. Nh4 0-0-0 11. f4 g6 12. Ndf3 h6 13. 0-0 Qb3 14. Qe2 Ba4 15. Be3 Qc2 16. Rf2 Qxe2 17. Rxe2 Bd7 18. Bf2 Rg8 19. Ng2 Bg7 1/2-1/2

[Event "Wch Seniors 22nd"]
[Site "Kamena Vourla"]
[Date "2012.11.13"]
[Round "1"]
[White "Stepovoj, Vladimir"]
[Black "Morriss, Pete R"]
[Result "1-0"]
[WhiteElo "2346"]
[BlackElo "1982"]
[PlyCount "65"]
[EventDate "2012.11.13"]
[EventType "swiss"]
[EventRounds "11"]
[EventCountry "GRE"]
[SourceTitle "CBM 151 Extra"]
[Source "ChessBase"]
[SourceDate "2012.12.18"]
[SourceVersion "1"]
[SourceVersionDate "2012.12.18"]
[SourceQuality "1"]

1. e4 c6 2. d4 d5 3. Nc3 dxe4 4. Nxe4 Nf6 5. Nxf6+ gxf6 6. c3 Bf5 7. Bc4 Qc7 8. Qf3 Bg6 9. Ne2 Nd7 10. h4 h5 11. Nf4 0-0-0 12. Nxg6 fxg6 13. Be6 Bh6 14. Bxh6 Rxh6 15. 0-0-0 Kb8 16. Qe3 Rh7 17. f4 f5 18. g3 Nf8 19. Bc4 e6 20. Rhe1 Rd6 21. Qf3 Re7 22. Re3 Nd7 23. Rde1 c5 24. Rxe6 Rdxe6 25. Rxe6 Rxe6 26. Bxe6 cxd4 27. Bxd7 Qxd7 28. Qd3 Qd5 29. Qxd4 Qxd4 30. cxd4 Kc7 31. Kd2 Kd6 32. a4 Kd5 33. Kc3 1-0

[Event "Riazan Region-ch"]
[Site "Riazan"]
[Date "2010.10.??"]
[Round "5"]
[White "Khromov, Pavel"]
[Black "Stepovoj, Vladimir"]
[Result "0-1"]
[WhiteElo "2020"]
[BlackElo "2368"]
[PlyCount "90"]
[EventDate "2010.10.16"]
[EventType "tourn"]
[EventRounds "13"]
[EventCountry "RUS"]
[SourceTitle "EXT 2013"]
[Source "ChessBase"]
[SourceDate "2012.11.22"]
[SourceVersion "1"]
[SourceVersionDate "2012.11.22"]
[SourceQuality "1"]

1. e4 e6 2. d3 d5 3. Nd2 Nf6 4. Ngf3 c5 5. g3 Nc6 6. Bg2 Be7 7. 0-0 0-0 8. Re1 Qc7 9. Nf1 dxe4 10. dxe4 Rd8 11. Qe2 b6 12. Bg5 a5 13. c4 Ba6 14. e5 Ne8 15. Bxe7 Qxe7 16. Ng5 Nd4 17. Qh5 h6 18. Bxa8 Rxa8 19. Ne4 Nc2 20. Ne3 Nxa1 21. Rxa1 Bb7 22. Nc3 Qc7 23. Rd1 g6 24. Qxh6 Qxe5 25. Qh3 Nf6 26. Ng4 Nxg4 27. Qxg4 Kg7 28. Kf1 Rh8 29. h4 Qf6 30. Ke2 Rh5 31. f4 Ba6 32. Ke3 Bxc4 33. Rd7 e5 34. Ne4 exf4+ 35. Qxf4 Qxb2 36. Nd2 Qc3+ 37. Ke4 Rf5 38. Qd6 Bd3+ 39. Ke3 Re5+ 40. Kf3 Bf5+ 41. Kf2 Qe3+ 42. Kg2 Qe2+ 43. Kg1 Bxd7 44. Qxd7 Qd1+ 45. Kg2 Re2+ 0-1

[Event "Riazan Region-ch"]
[Site "Riazan"]
[Date "2010.10.??"]
[Round "1"]
[White "Popov, Vladislav"]
[Black "Stepovoj, Vladimir"]
[Result "1/2-1/2"]
[WhiteElo "2149"]
[BlackElo "2368"]
[PlyCount "77"]
[EventDate "2010.10.16"]
[EventType "tourn"]
[EventRounds "13"]
[EventCountry "RUS"]
[SourceTitle "EXT 2013"]
[Source "ChessBase"]
[SourceDate "2012.11.22"]
[SourceVersion "1"]
[SourceVersionDate "2012.11.22"]
[SourceQuality "1"]

1. e4 c5 2. b4 cxb4 3. d4 d5 4. exd5 Qxd5 5. Nf3 e6 6. Be2 Nf6 7. 0-0 Be7 8. a3 Nc6 9. axb4 Bxb4 10. c4 Qd8 11. Qb3 0-0 12. Rd1 Qe7 13. Na3 b6 14. Nb5 Bb7 15. Bg5 a6 16. Bxf6 gxf6 17. Nc3 Bxc3 18. Qxc3 Nb4 19. d5 Rfd8 20. d6 Rxd6 21. Rxd6 Qxd6 22. Qxf6 Qd8 23. Qb2 Nd3 24. Qd2 Bxf3 25. Bxf3 Ne5 26. Qc3 Qf6 27. Kf1 Rc8 28. Rxa6 Rxc4 29. Qa3 Nxf3 30. Ra8+ Kg7 31. gxf3 Rf4 32. Rh8 Rxf3 33. Qf8+ Kg6 34. Qg8+ Qg7 35. Qa8 Qf6 36. Qg8+ Qg7 37. Qa8 Ra3 38. Qxa3 Qxh8 39. Qg3+ 1/2-1/2

[Event "Riazan Region-ch"]
[Site "Riazan"]
[Date "2010.10.??"]
[Round "9"]
[White "Stepovoj, Vladimir"]
[Black "Lepeshkin, Nikita"]
[Result "1-0"]
[WhiteElo "2368"]
[BlackElo "1788"]
[PlyCount "51"]
[EventDate "2010.10.16"]
[EventType "tourn"]
[EventRounds "13"]
[EventCountry "RUS"]
[SourceTitle "EXT 2013"]
[Source "ChessBase"]
[SourceDate "2012.11.22"]
[SourceVersion "1"]
[SourceVersionDate "2012.11.22"]
[SourceQuality "1"]

1. e4 c5 2. Nf3 e6 3. c3 Nf6 4. Bd3 d6 5. Bc2 Nc6 6. 0-0 Be7 7. d4 cxd4 8. cxd4 0-0 9. Nc3 a6 10. Qe2 Qc7 11. Re1 Re8 12. h3 Nd7 13. Be3 b5 14. Rac1 Qb8 15. d5 Nce5 16. dxe6 fxe6 17. Nd4 Nc5 18. b4 Nb7 19. Bb3 Bf6 20. f4 Ng6 21. f5 Bxd4 22. Bxd4 Ne5 23. fxe6 Bxe6 24. Bxe6+ Rxe6 25. Nd5 Nc4 26. Qg4 1-0

[Event "Riazan Region-ch"]
[Site "Riazan"]
[Date "2010.10.??"]
[Round "13"]
[White "Stepovoj, Vladimir"]
[Black "Madorsky, Felix"]
[Result "1-0"]
[WhiteElo "2368"]
[BlackElo "2105"]
[PlyCount "97"]
[EventDate "2010.10.16"]
[EventType "tourn"]
[EventRounds "13"]
[EventCountry "RUS"]
[SourceTitle "EXT 2013"]
[Source "ChessBase"]
[SourceDate "2012.11.22"]
[SourceVersion "1"]
[SourceVersionDate "2012.11.22"]
[SourceQuality "1"]

1. e4 c6 2. d4 d5 3. Nd2 dxe4 4. Nxe4 Bf5 5. Ng3 Bg6 6. c3 e6 7. Nh3 h6 8. Nf4 Bh7 9. Bc4 Nf6 10. 0-0 Nd5 11. Qg4 Nd7 12. Bxd5 cxd5 13. Nxd5 f5 14. Qe2 Kf7 15. Nf4 Qb6 16. Re1 Re8 17. Nf1 g6 18. Ne3 Bg7 19. b3 Qc6 20. Bb2 Bf6 21. Nd3 g5 22. Nc4 Kg7 23. Nde5 Nxe5 24. Nxe5 Qc7 25. c4 Rd8 26. Rad1 Rhe8 27. g3 Bg8 28. f4 Bh7 29. Qd2 Bg8 30. Re3 Qb6 31. Qe2 Qc7 32. Re1 Bh7 33. d5 Kf8 34. Ng6+ Kg7 35. Bxf6+ Kxf6 36. Rxe6+ Rxe6 37. Qxe6+ Kg7 38. Qe5+ Qxe5 39. Nxe5 Kf6 40. Kf2 Bg8 41. Ke3 Rd6 42. Kd4 Rd8 43. h4 g4 44. Nd3 Bf7 45. Re5 b6 46. Nb4 Rd6 47. Nc2 Bh5 48. Ne3 Bg6 49. b4 1-0

[Event "Riazan Region-ch"]
[Site "Riazan"]
[Date "2010.10.??"]
[Round "6"]
[White "Stepovoj, Vladimir"]
[Black "Raikin, Leonid"]
[Result "1/2-1/2"]
[WhiteElo "2368"]
[BlackElo "2273"]
[PlyCount "90"]
[EventDate "2010.10.16"]
[EventType "tourn"]
[EventRounds "13"]
[EventCountry "RUS"]
[SourceTitle "EXT 2013"]
[Source "ChessBase"]
[SourceDate "2012.11.22"]
[SourceVersion "1"]
[SourceVersionDate "2012.11.22"]
[SourceQuality "1"]

1. e4 c6 2. d4 d5 3. Nd2 dxe4 4. Nxe4 Bf5 5. Ng3 Bg6 6. c3 e6 7. Nh3 Bd6 8. Nf4 Nf6 9. h4 Nbd7 10. h5 Bf5 11. Nxf5 exf5 12. Bd3 Ne4 13. Qf3 Ndf6 14. Ne2 Qd7 15. Bf4 Bxf4 16. Qxf4 0-0-0 17. f3 Nd5 18. Qh2 Nd6 19. 0-0-0 Rhe8 20. Nf4 Ne3 21. Rde1 Qc7 22. Re2 Re7 23. Rhe1 Rde8 24. Qg1 Nd5 25. Nxd5 cxd5 26. Re5 f6 27. Rxe7 Rxe7 28. Re3 f4 29. Re1 h6 30. Kd2 Kd8 31. Rxe7 Kxe7 32. Qe1+ Kd7 33. b3 Qa5 34. a4 b5 35. axb5 Qa2+ 36. Bc2 Nxb5 37. Qb1 Qa5 38. Qb2 Qc7 39. Bd3 Qa5 40. Bxb5+ Qxb5 41. Qa3 Qf1 42. Qxa7+ Ke6 43. Qxg7 Qf2+ 44. Kc1 Qf1+ 45. Kb2 Qe2+ 1/2-1/2

[Event "Riazan-ch"]
[Site "Riazan"]
[Date "2010.04.??"]
[Round "?"]
[White "Madorsky, Felix"]
[Black "Stepovoj, Vladimir"]
[Result "1/2-1/2"]
[WhiteElo "2112"]
[BlackElo "2381"]
[PlyCount "83"]
[EventDate "2010.04.??"]
[EventType "swiss"]
[EventRounds "11"]
[EventCountry "RUS"]
[SourceTitle "EXT 2011"]
[Source "ChessBase"]
[SourceDate "2010.11.26"]
[SourceVersion "1"]
[SourceVersionDate "2010.11.26"]
[SourceQuality "1"]

1. d4 d5 2. c4 c6 3. Nc3 Nf6 4. Nf3 dxc4 5. a4 Bg4 6. Ne5 Bh5 7. Nxc4 e6 8. Bg5 Bb4 9. Qb3 a5 10. e3 Nbd7 11. f3 h6 12. Bh4 0-0 13. Be2 c5 14. Rd1 cxd4 15. exd4 Qc7 16. Bg3 Qc6 17. Kf2 Bxc3 18. bxc3 Rfc8 19. Rhe1 Ne4+ 20. Kg1 Nxg3 21. hxg3 Qc7 22. Kh2 Bg6 23. Rc1 h5 24. f4 Ra6 25. Ne5 Nxe5 26. fxe5 Rc6 27. c4 Rb6 28. Qd1 Rd8 29. Bf3 Qe7 30. d5 h4 31. Qd4 hxg3+ 32. Kxg3 Qg5+ 33. Kh2 Rb3 34. d6 Bh5 35. Bxh5 Qxh5+ 36. Kg1 Qg5 37. Rb1 Rg3 38. Qe4 Rg4 39. Qe2 Rh4 40. Rxb7 Qh6 41. Kf2 Rf4+ 42. Kg1 1/2-1/2

[Event "Riazan-ch"]
[Site "Riazan"]
[Date "2010.04.??"]
[Round "?"]
[White "Stepovoj, Vladimir"]
[Black "Solonin, Igor"]
[Result "1-0"]
[WhiteElo "2381"]
[BlackElo "2136"]
[PlyCount "57"]
[EventDate "2010.04.??"]
[EventType "swiss"]
[EventRounds "11"]
[EventCountry "RUS"]
[SourceTitle "EXT 2011"]
[Source "ChessBase"]
[SourceDate "2010.11.26"]
[SourceVersion "1"]
[SourceVersionDate "2010.11.26"]
[SourceQuality "1"]

1. e4 c6 2. d4 d5 3. f3 dxe4 4. fxe4 e5 5. Nf3 Bg4 6. Bc4 Nf6 7. Bxf7+ Kxf7 8. Nxe5+ Kg8 9. Nxg4 Nxe4 10. 0-0 Nd7 11. Qd3 Ndf6 12. Nc3 Nxc3 13. Nxf6+ gxf6 14. bxc3 Bg7 15. Rb1 b6 16. Rf5 Kf7 17. Bd2 Re8 18. Rh5 h6 19. Rf1 Qd7 20. h3 Rh8 21. Rf4 Qe6 22. Rg4 Kf8 23. c4 Re8 24. d5 Qf7 25. Rg6 cxd5 26. cxd5 Rd8 27. c4 Ke8 28. Qe4+ Kd7 29. Qg4+ 1-0

[Event "Riazan-ch"]
[Site "Riazan"]
[Date "2010.04.??"]
[Round "?"]
[White "Zuev, Yaroslav"]
[Black "Stepovoj, Vladimir"]
[Result "0-1"]
[WhiteElo "2038"]
[BlackElo "2381"]
[PlyCount "26"]
[EventDate "2010.04.??"]
[EventType "swiss"]
[EventRounds "11"]
[EventCountry "RUS"]
[SourceTitle "EXT 2011"]
[Source "ChessBase"]
[SourceDate "2010.11.26"]
[SourceVersion "1"]
[SourceVersionDate "2010.11.26"]
[SourceQuality "1"]

1. d4 Nf6 2. c4 e5 3. dxe5 Ng4 4. Nf3 Nc6 5. Nc3 Ngxe5 6. e3 g6 7. Be2 Bg7 8. 0-0 d6 9. Nd4 0-0 10. f4 Nxd4 11. exd4 Nc6 12. Be3 Re8 13. Qd2 Rxe3 0-1

[Event "Riazan Region-ch"]
[Site "Riazan"]
[Date "2009.10.??"]
[Round "?"]
[White "Raikin, Leonid"]
[Black "Stepovoj, Vladimir"]
[Result "0-1"]
[WhiteElo "2271"]
[BlackElo "2366"]
[PlyCount "138"]
[EventDate "2009.10.??"]
[EventType "tourn"]
[EventRounds "13"]
[EventCountry "RUS"]
[SourceTitle "EXT 2012"]
[Source "ChessBase"]
[SourceDate "2011.11.24"]
[SourceVersion "1"]
[SourceVersionDate "2011.11.24"]
[SourceQuality "1"]

1. d4 Nf6 2. c4 e5 3. dxe5 Ng4 4. Bf4 Bb4+ 5. Nd2 d6 6. Ngf3 dxe5 7. Bxe5 Bxd2+ 8. Qxd2 Qxd2+ 9. Kxd2 Nxf2 10. Rg1 0-0 11. Ke1 Ne4 12. Bxc7 Na6 13. Ba5 Re8 14. Nd2 b6 15. Nxe4 Rxe4 16. Bc3 Rxc4 17. Rd1 Be6 18. e3 Ra4 19. a3 Bb3 20. Rd6 Nc5 21. Bb5 Rh4 22. h3 Rc8 23. Bc6 Kf8 24. Bf3 Re8 25. Bd4 Ne6 26. Kf2 Ke7 27. Rc6 Nxd4 28. exd4 Rxd4 29. Rc7+ Rd7 30. Rc3 Be6 31. Rgc1 Red8 32. Ke3 Bd5 33. Bg4 Be6 34. Bf3 g6 35. h4 Bd5 36. Bxd5 Rxd5 37. R1c2 R8d7 38. g3 Rd1 39. Ke2 f5 40. Re3+ Kf7 41. Rec3 R1d4 42. Kf3 h6 43. Rc7 g5 44. Rxd7+ Rxd7 45. hxg5 hxg5 46. Rc3 Ke6 47. Re3+ Kf6 48. Rc3 Rd2 49. b3 Ke5 50. Ke3 Ra2 51. a4 g4 52. Rc8 Rg2 53. Re8+ Kd5 54. Kf4 Rf2+ 55. Kg5 Rf3 56. Rf8 Rxg3 57. Rxf5+ Kd4 58. Rb5 Rc3 59. Rb4+ Kc5 60. Rb5+ Kc6 61. Kxg4 a6 62. Rh5 a5 63. Rh6+ Kb7 64. Rh7+ Ka6 65. Rh3 Rxh3 66. Kxh3 Kb7 67. Kg3 Kc6 68. Kf3 Kc5 69. Ke3 Kb4 0-1